000 01005cab a2200265 4500
001 WB3334-15
008 090401t1997 xxu||||| |||| 00| 0 eng d
035 _a(Sirsi) u80633
041 _aeng
245 _aSale to move in six days
260 _c1997
350 _a0
490 _aTimes
_v30 August 1997, 35(2)
490 _aEstates Gazette
_v(9735) 30 August 1997, 24
520 _aSelling or buying a house could take days rather than months if changes predicted by mortgage lenders take place. One-stop financial shops aim to cut drastically the time a sale takes.
650 _aESTATE AGENTS
650 _aHAMBRO COUNTRYWIDE
650 _aPROPERTY-RESIDENTIAL PROPERTY-ACQUISITION AND DISPOSAL OF RESIDENTIAL PROPERTY
650 _aPROPERTY-RESIDENTIAL PROPERTY-ACQUISITION AND DISPOSAL OF RESIDENTIAL PROPERTY
650 _aMORTGAGE LENDERS
650 _aONE-STOP SHOPS
690 _aPROPERTY-RESIDENTIAL PROPERTY-RESIDENTIAL PROPERTY MARKET
942 _n0
948 _c02/09/1997
999 _c50763
_d50763